4 borders from Kyrgyzstan Quiz Stats

 Plays Quiz not verified by Sporcle

Challenge
Share
Tweet
Embed
Score 0/15 Timer 10:00
0 Plays Today
% Correct
Iran
80.9%
Ukraine
74.3%
Estonia
71.4%
Latvia
71.1%
Poland
70.4%
Finland
70.4%
Lithuania
70.3%
Georgia
68.8%
% Correct
South Korea
68.4%
Belarus
67.4%
Azerbaijan
65.1%
Norway
63.2%
Cambodia
61.2%
Thailand
61.2%
Bangladesh
55.3%

You're not logged in!

Compare scores with friends on all Sporcle quizzes.
Join for Free
OR
Log In

You Might Also Like...

Show Comments

Extras

Created Feb 21, 2016ReportNominate
Tags:Border Quiz, four, Kyrgyzstan

Top Quizzes Today


Score Distribution

Your Account Isn't Verified!

In order to create a playlist on Sporcle, you need to verify the email address you used during registration. Go to your Sporcle Settings to finish the process.

Report this User

Report this user for behavior that violates our Community Guidelines.

Details: